000 00631nam a22002057a 4500
005 20240209151343.0
010 _aENG-139054
020 _a9789383243266
_c4200.00
035 _aEN-122586
037 _bDBAD/PUB
082 _a954.0257
_21
100 _aKoch, Ebba
_961851
245 _aThe Mughal Empire from Jahangir To shah Jahan/
_cEbba koch
250 _a1
260 _aMumbai
_bThe Merg Foundation
_c2019
270 _aArmy & navy building 3rd floor,148,M.G Road
_bMumbai
_e400001
300 _a320 p.
_c31 cm(hbk)
700 _aEbba Koch and Ali Anooshahr
_961376
942 _2ddc
_cEN
_h954.0257
_mKOC
999 _c200423
_d200423